01077nam a22001697a 450000500170000001000150001702000270003203500140005903700090007308200100008210000220009224505710011425000100068526000510069527001360074630000250088220240703165610.0 aENG-140740 c1595.00a9788194737964 aEN-124272 bDBAD a668.1 aGupta, Ajay Kumar aSoaps, Detergents and Disinfectants Technology Handbookb(Washing Soap: Laundry Soap Formulation, Antiseptic and Germicidal Liquid Soap, Manufacturing Process And Formulations Of Various Soaps, Handmade Soap, Detergent Soap, Liquid Detergent, Detergent Powder, Application and Formulae Of Detergents, Detergent Bar, Detergents Of Various Types, Formulating Liquid Detergents, Phenyl, Floor Cleaner, Toilet Cleaner, Mosquito Coils, Naphthalene Balls, Air Freshener (Odonil Type), Liquid Hand Wash and Soaps, Hand Sanitizer, Aerosols–Water and Oil Based Insecticide) aFirst aDelhibNIIR PROJECT CONSULTANCY SERVICESc2022 a106-E, Kamla Nagar,bDelhie110007k+911123843955k+911123845886k+911123845654l+911123845886minfo@niir.orgmnpcs.india@gmail.com axx, 452p.c21cm (pb)